000 00592nam a2200181Ia 4500
008 151202s9999||||xx |||||||||||||| ||und||
082 _bPNVM-86095
100 _aमाडगूळकर व्यंकटेश.
245 _aएक एकर.
260 _b"मेहता पब्लिशिंग हाऊस,पुणे."
260 _c2013
300 _a66
600 _aमाडगूळकर व्यंकटेश.
630 _aएक एकर.
700 _aमाडगूळकर व्यंकटेश.
730 _aएक एकर.
942 _cBOOK
999 _c1350141
_d1350138